| 000 | 00381cam a22001097a 4500 | ||
|---|---|---|---|
| 008 | 180718b1957 xxu||||| |||| 00| 0 eng d | ||
| 082 | _aA84x47 Un3u/1957 | ||
| 245 |
_aU.S.S.R. reference book _cby the Information Department of the USSR Embassy in India |
||
| 260 |
_aNew Delhi _bThe author _c1957 |
||
| 300 | _a327+p. | ||
| 700 | _aThe Information Department of the USSR Embassy in India | ||
| 999 |
_c488807 _d488807 |
||